| 000 | 00651nam a2200169 i 4500 | ||
|---|---|---|---|
| 001 | 185425 | ||
| 003 | ES-MaACL | ||
| 005 | 20230906222430.0 | ||
| 008 | 160602s1919 sp |||| | spa d | ||
| 110 | 2 |
_aUGT. _97030 |
|
| 245 | 1 | 0 |
_aPonencia, memorias y conclusiones acerca del programa mínimo presentado al Gobierno por la Unión General de Trabajadores _b: 1919. |
| 260 |
_aMadrid : _bReal Sociedad Económica Matritense de Amigos del País, _c1919. |
||
| 300 |
_a39 p. ; _c24 cm. |
||
| 650 | 0 | 4 |
_aCondiciones de trabajo- _zEspaña. _911254 |
| 710 | 2 |
_aReal Sociedad Económica Matritense de Amigos del País. _96389 |
|
| 852 |
_aES-MaACL _j1572-F-24 |
||
| 999 |
_c185425 _d185425 |
||